00623nam a2200205Ia 450000100060000000300090000600500170001500800410003202000220007304000280009504100080012308200190013110000300015024500930018026000360027330000180030965000310032770000280035870000310038620728DO-CoUTE20260204212602.0220104s9999 dr 000 0 spa d a978-958-9244-17-3 aDO-CoUTEbspacDO-CoUTE0 aspa a635.646 AR661c1 aAraméndez Tatis, Hermes10aEl cultivo de la berenjena ( Solanum Meongena L) / Hermes Araméndez Tatis y otros tres aCordoba, Colombia : Produmedios a151 páginas 4aCordoba Ayala, Carlos 1 aEspitia Camacho, Miguel1 aJarma Orozco, Alfredo